| 000 | 00803nam a22002057a 4500 | ||
|---|---|---|---|
| 999 |
_c15138 _d15138 |
||
| 003 | OSt | ||
| 082 | _2631.75807 AMR/WA | ||
| 088 | _aP 228 | ||
| 100 |
_aAMRUTHA C.A _93653 |
||
| 245 | _aWater balance study of KCAET campus for suggesting suitable water harvesting structures | ||
| 260 |
_aTavanur 2011 _bKelappaji College of Agricultural Engineering and Technology |
||
| 300 | _a60 | ||
| 500 | _aWater balance study of KCAET campus for suggesting suitable water harvesting structures | ||
| 520 | _aWater balance study of KCAET campus for suggesting suitable water harvesting structures | ||
| 700 |
_aSaritha P. G _93654 |
||
| 700 |
_aShajila P _93655 |
||
| 700 |
_aDr. Abdul Hakkim V. M (Guide) _93491 |
||
| 856 | _uhttps://drive.google.com/open?id=1bhmp-CNlHFGIc6hpiR97l40hiwB1VXnZ | ||
| 942 | _cPR | ||